| 000 | 00000nam 2200000za 4500 |
| 001 | 9.697352 |
| 003 | CaOODSP |
| 005 | 20250207165748 |
| 007 | cr ||||||||||| |
| 008 | 150407s1961||||xxca||||o f000 0 eng d |
| 040 | |aCaOODSP|beng |
| 043 | |an-cn--- |
| 086 | 1 |aA53-1101/1961E-PDF |
| 100 | 1 |aBerck, Ben. |
| 245 | 10|aDetermination of methyl bromide, ethylene dibromide and carbon tetrachloride in admixture in air |h[electronic resource] / |cby Ben Berck, Research Station, Winnipeg, Canada. |
| 260 | |aOttawa : |bResearch Branch, Canada Department of Agriculture. |c1961. |
| 300 | |a15 p. : |bfigs., graph |
| 500 | |a"March 1961". |
| 500 | |aHistorical publication digitized by Agriculture and Agri-Food Canada. |
| 504 | |aReferences: p. 14-15. |
| 590 | |a13-17-Supp|b2013-07-25 |
| 690 | 07|aChemicals|2gcpds |
| 690 | 07|aChemistry|2gcpds |
| 710 | 1 |aCanada. |bDepartment of Agriculture. |bResearch Branch. |
| 856 | 40|ahttp://publications.gc.ca|qPDF|s1.05 MB|uhttps://publications.gc.ca/collections/collection_2013/aac-aafc/agrhist/A53-1101-1961-eng.pdf |
| 986 | |aPublication 1101 |